000 00518nam a2200169Ia 4500
999 _c27590
_d27590
003 OSt
005 20201202152705.0
008 190216s9999||||xx |||||||||||||| ||und||
040 _coclc
082 _a894.8123
_bKRI/T
100 _aKrishnankutty, Veloor
_97148
245 0 _aThanpathy Sarkarupathy /
_cVeloor Krishnankutty
260 _bVeenus Press,
_aKonni:
_c1997.
300 _a207p
650 _aVerbal Language Not Spoken Or Written
942 _cBK
_2ddc
_h894.8123
_iKRI/T
_k894.8123
_mKRI/T